| 000 | 01202cad a22002175a 4500 | ||
|---|---|---|---|
| 001 | L156428 | ||
| 008 | 120521e2012 xxk 000 0 eng d | ||
| 035 | _a(Sirsi) u156428 | ||
| 041 | 0 | _aeng | |
| 110 | 2 |
_aCBRE Global Investors _95985 |
|
| 245 | 0 | 0 |
_aU.S. Propertywatch _h[electronic resource] |
| 260 |
_a[S.I.] _bCBRE Global Investors _c2012 |
||
| 490 | 0 |
_aCBRE Global Investors U.S. Propertywatch _vQ2 2012 May 2012 |
|
| 520 | _aThe U.S. is still in growth mode. Property fundamentals did not gain very much ground in Q1 2012 but there are clear signs of stability and further improvement. The industrial availability edged down further with the warehouse and manufacturing space sector given a boost. All hotel indicators were up year on year. Office, apartment and retail vacancy rates were unchanged. | ||
| 520 | _aModerated gains - NCREIF Property Index - Office - Industrial - Retail - Full-Service Hotel - Apartment - For-Sale Residential. | ||
| 590 | _aKA | ||
| 651 | 4 | _aUnited States | |
| 690 |
_aCommercial property _96227 |
||
| 856 | 4 | 0 |
_uhttps://www.cbreglobalinvestors.com/research/publications/Pages/propertywatch.aspx _zView the report at www.cbreglobalinvestors.com |
| 942 | _n0 | ||
| 999 |
_c84008 _d84008 |
||